Enciclopedia de didáctica aplicada

-д хадгалсан:
Номзүйн дэлгэрэнгүй
Үндсэн зохиолчид: Maillo, Adolfo (autor), Fernández Huerta, J (Зохиогч), Lavara Gros, Eliseo (Зохиогч), Rivas Navarro, Manuel (Зохиогч), Alcoba Muñoz, Antonio (Зохиогч), Pulpillo Ruiz, Ambrosio J (Зохиогч), Sáenz Barrio, Oscar (Зохиогч), Díez Cuervo, Angel (Зохиогч), Gonzalvo Mainar, Gonzalo (Зохиогч), Moreno García, J (Зохиогч), Rico Vercher, Manuel (Зохиогч), Navarro Higuera, Juan (Зохиогч), Buj Gimeno, Alvaro (Зохиогч), Arroyo del Castillo, Victoriano (Зохиогч)
Бусад зохиолчид: Noriega, Juan (autor)
Формат: Ном
Хэл сонгох:испани
Хэвлэсэн: Barcelona Labor 1973
Нөхцлүүд:
Шошгууд: Шошго нэмэх
Шошго байхгүй, Энэхүү баримтыг шошголох эхний хүн болох!

MARC

LEADER 00000nam a2200000 a 4500
001 UCZ1152
003 CL-VaPUC
008 950811e19730000SP |||||||||||||||||spa|d
082 0 4 |a 370.03  |b MAI  |2 21 
100 |a Maillo, Adolfo  |e autor  |9 354639 
700 0 |a Fernández Huerta, J  |e author  |9 344586 
700 0 |a Lavara Gros, Eliseo  |e author  |9 344587 
700 |a Noriega, Juan  |e autor  |9 429184 
700 0 |a Rivas Navarro, Manuel  |e author  |9 344589 
700 0 |a Alcoba Muñoz, Antonio  |e author  |9 344590 
700 0 |a Pulpillo Ruiz, Ambrosio J  |e author  |9 344591 
700 0 |a Sáenz Barrio, Oscar  |e author  |9 344592 
700 0 |a Díez Cuervo, Angel  |e author  |9 344593 
700 |a Gonzalvo Mainar, Gonzalo  |e author  |9 344594 
700 0 |a Moreno García, J  |e author  |9 344595 
700 0 |a Rico Vercher, Manuel  |e author  |9 344596 
700 0 |a Navarro Higuera, Juan  |e author  |9 344597 
700 0 |a Buj Gimeno, Alvaro  |e author  |9 344598 
700 0 |a Arroyo del Castillo, Victoriano  |e author  |9 344599 
245 1 0 |a Enciclopedia de didáctica aplicada 
300 |a 3 v 
942 |c BK 
945 |d 19950811 00:00:00  |a cmena 
260 |a Barcelona  |b Labor  |c 1973 
650 0 |a Educación  |9 258661 
650 0 |a Enciclopedias  |9 264135 
583 |a last modification  |c 19950811 00:00:00  |k Rodrigo Vera 
999 |c 237953  |d 237951 
952 |0 0  |1 0  |4 0  |6 370_030000000000000_MAI_1973  |7 0  |8 X  |9 247827  |a BIBEDU  |b BIBEDU  |d 2019-11-18  |h v.1  |i 1556908  |o 370.03 MAI 1973  |p 1556908  |r 2023-01-13  |w 2019-11-18  |y BK_X  |k EDU 
952 |0 0  |1 0  |4 0  |6 370_030000000000000_MAI_1973  |7 0  |8 X  |9 247828  |a BIBEDU  |b BIBEDU  |d 2019-11-18  |h v.2  |i 1556924  |o 370.03 MAI 1973  |p 1556924  |r 2023-01-13  |w 2019-11-18  |y BK_X  |k EDU 
952 |0 0  |1 0  |4 0  |6 370_030000000000000_MAI_1973  |7 0  |8 X  |9 247829  |a BIBEDU  |b BIBEDU  |d 2019-11-18  |h v.3  |i 1556932  |o 370.03 MAI 1973  |p 1556932  |r 2023-01-13  |w 2019-11-18  |y BK_X  |k EDU